000 00399pab a2200169 454500
008 180718b2007 xxu||||| |||| 00| 0 eng d
100 _aMandal, Akhtaruzzaman
245 _a`Research" on Bangladesh war
260 _c2007
300 _ap.118-21.
362 _a15 Dec
650 _aWar - Bangladesh
650 _aWar
773 _aEconomic and Political Weekly
908 _aN
909 _a76777
999 _c76777
_d76777